The Office (U.S) Trivia - Statistics

General Stats
  • This quiz has been taken 22 times
  • The average score is 11 of 15
Answer Stats
Hint Answer % Correct
Pam's husband Jim
100%
Dwight's wife Angela
94%
Talkative indian girl Kelly
94%
Andy's nickname for Jim Big tuna
88%
Pam's first fiance Roy
88%
Receptionist name who was originally the above Erin
82%
Office alcoholic Meredith
82%
Michael's biggest enemy Toby
82%
Where the above worked Warehouse
76%
Pam's daughter Cece
71%
Dwight's middle name Kurt
71%
Ryan's last name Howard
53%
Pam and Angela's son who have the same name Phillip
53%
MIchael's middle name Gary
35%
Person fired in season 1 Devin
29%
No matching quizzes found
Score Distribution
Percent of People with Each Score
Percentile by Number Answered
Your Score History
You have not taken this quiz